Thế giới tìm cách phòng chống thiên tai /

Spremljeno u:
Bibliografski detalji
Glavni autor: Vũ Tuấn Phong.
Format: Članak
Jezik:Vietnamese
Teme:
Oznake: Dodaj oznaku
Bez oznaka, Budi prvi tko označuje ovaj zapis!
Thư viện lưu trữ: Thư viện Trường Đại học Đà Lạt
LEADER 00752nam a2200265 4500
001 DLU120134352
005 ##20120425
040 # # |a DLU  |b vie 
041 # # |a vie 
044 # # |a vn 
100 # # |a Vũ Tuấn Phong. 
245 # # |a Thế giới tìm cách phòng chống thiên tai /  |c Vũ Tuấn Phong. 
653 # # |a Động đất 
653 # # |a Thảm họa thiên nhiên 
653 # # |a Thiên tai 
773 # # |t Giáo dục và thời đại  |g Số 11, 2010, tr. 34-35 
920 # # |a Phòng Tạp chí -- Trung tâm Thông tin - Thư viện Trường Đại học Đà Lạt 
994 # # |a DLU 
900 # # |a True 
911 # # |a Nguyễn Thị Linh Chi 
925 # # |a G 
926 # # |a A 
927 # # |a BB 
980 # # |a Thư viện Trường Đại học Đà Lạt